I Love Lucy (A-Z) Quiz Stats

 Plays Quiz Updated Nov 17, 2016

Challenge
Share
Tweet
Embed
Score 0/26 Timer 08:00
2 Plays Today
Letter Answer % Correct
EEthel
94%
FFred
93.4%
CChocolate or candy
92.6%
RRicardo
91.9%
NNew York
91.3%
GGrapes
90.4%
LLittle Ricky
84.9%
AArnaz
84.7%
IItaly
82.9%
MMertz
81.4%
DDesilu Productions
80.7%
YYeast
79.5%
KKleptomaniac
77.7%
Letter Answer % Correct
ZZany
75.2%
HHollywood
74.1%
QQuiz Show
73.6%
OOperetta
70.9%
BBabalu
70.7%
UUniversal Studios
67%
SSaxophone
64.8%
TTropicana
55.4%
JJohn Wayne
55.1%
VVitameatavegamin
51%
WWilliam Holden
30.7%
PPhilip Morris
27.8%
XXavier Cugat
25.5%

You're not logged in!

Compare scores with friends on all Sporcle quizzes.
Join for Free
OR
Log In

You Might Also Like...

Show Comments

Extras

Top Quizzes Today


Score Distribution

Your Account Isn't Verified!

In order to create a playlist on Sporcle, you need to verify the email address you used during registration. Go to your Sporcle Settings to finish the process.

Report this User

Report this user for behavior that violates our Community Guidelines.

Details: